| 000 | 00558nam a22001817a 4500 | ||
|---|---|---|---|
| 005 | 20250110130153.0 | ||
| 008 | 250110b |||||||| |||| 00| 0 eng d | ||
| 020 | _a9780030990359 | ||
| 050 | _aHF5415 CON | ||
| 245 |
_aContemporary Services Marketing Management: _bA Reader/ _cedited by; Mark Gabbott & Gillian Hogg |
||
| 260 |
_aLondon _bThe Dryden Press _c1997 |
||
| 300 |
_axiv. 537p. _bill. _c24.5 cm x 16.5 cm |
||
| 500 | _aIncludes Index | ||
| 650 | _2Marketing | ||
| 700 | _aGabbott Mark (ed.) | ||
| 700 | _aHogg Gillian (ed.) | ||
| 942 |
_2lcc _cBK _n0 |
||
| 999 |
_c2511 _d2511 |
||